Mallet du Pan 1749-1800 : (Record no. 7410)
[ view plain ]
| 000 -LEADER | |
|---|---|
| fixed length control field | 00746cam a2200253 4500 |
| 001 - CONTROL NUMBER | |
| JCCL Control Number | 7410 |
| 003 - CONTROL NUMBER IDENTIFIER | |
| JCCL marc code | BD-JhCC |
| 005 - DATE AND TIME OF LATEST TRANSACTION | |
| control field | 20180212110344.0 |
| 008 - FIXED-LENGTH DATA ELEMENTS--GENERAL INFORMATION | |
| fixed length control field | 731101s1973 ncu b 001 0beng |
| 020 ## - INTERNATIONAL STANDARD BOOK NUMBER | |
| International Standard Book Number | 0822302950 |
| 035 ## - SYSTEM CONTROL NUMBER | |
| system control number | (BD-JhCC)7410 |
| 040 ## - CATALOGING SOURCE | |
| Original cataloging agency | DLC |
| Transcribing agency | DLC |
| Modifying agency | DLC |
| -- | BD-JhCC |
| 041 ## - LANGUAGE CODE | |
| Language code of Book | eng |
| 050 00 - LIBRARY OF CONGRESS CALL NUMBER | |
| Classification number | DC146.M25 |
| Item number | A64 |
| 082 00 - DEWEY DECIMAL CLASSIFICATION NUMBER | |
| Classification number | 070/.92/4 |
| -- | B |
| Author mark and Year | ACO 1973 |
| 100 1# - MAIN ENTRY--PERSONAL NAME | |
| Personal name | Acomb, Frances Dorothy, |
| Dates associated with a name | 1907- |
| 245 00 - TITLE STATEMENT | |
| Title | Mallet du Pan 1749-1800 : |
| Remainder of title | a career in political journalism / |
| Statement of responsibility, etc | Frances Acomb. |
| 260 ## - PUBLICATION, DISTRIBUTION, ETC. (IMPRINT) | |
| Place of publication, distribution, etc | Durham, N.C., |
| Name of publisher, distributor, etc | Duke University Press, |
| Date of publication, distribution, etc | 1973. |
| 300 ## - PHYSICAL DESCRIPTION | |
| Pagination | xii, 304 p. |
| Dimensions | 25 cm. |
| 504 ## - BIBLIOGRAPHY, ETC. NOTE | |
| Bibliography, etc | Bibliography: p. [283]-291. |
| 600 20 - SUBJECT ADDED ENTRY--PERSONAL NAME | |
| Personal name | Mallet du Pan, |
| Titles and other words associated with a name | M. |
| Fuller form of name | (Jacques), |
| Dates associated with a name | 1749-1800. |
| 942 ## - ADDED ENTRY ELEMENTS (KOHA) | |
| Source of classification or shelving scheme | Dewey Decimal Classification |
| Koha item type | Books |
| Source of classification or shelving scheme | Damaged status | Not for loan | Home library | Current library | Shelving location | Total Checkouts | Full call number | Barcode | Date last seen | Copy number | Koha item type |
|---|---|---|---|---|---|---|---|---|---|---|---|
| Dewey Decimal Classification | JCC Rouf Library | JCC Rouf Library | General Stacks | 070/.92/4 ACO 1973 | 10061 | 02/08/2018 | C - 1 | Books |